[Event "ODJM B 2025"]
[Site "Willingen GER"]
[Date "2025.06.11"]
[Round "5"]
[White "Leonhardt, Lukas"]
[Black "Subocz, Barbara"]
[Result "1/2-1/2"]
[Termination "normal"]
[Board "61"]
[WhiteElo "1673"]
[BlackElo "1559"]
[WhiteClock "00:01:13"]
[BlackClock "00:35:56"]
[PlyCount "94"]
[WhiteFideId "34683950"]
[BlackFideId "41805658"]
[EventCountry "GER"]
[EventRounds "9"]
[EventType "swiss"]
[EventDate "2025.06.07"]

1. e4 {[%clk 01:30:55]} {[%emt 00:00:05]} c5 {[%clk 01:30:48]} {[%emt
00:00:13]} 2. c3 {[%clk 01:31:04]} {[%emt 00:00:20]} d5 {[%clk 01:30:57]}
{[%emt 00:00:21]} 3. exd5 {[%clk 01:30:50]} {[%emt 00:00:43]} Qxd5 {[%clk
01:31:17]} {[%emt 00:00:09]} 4. d4 {[%clk 01:30:48]} {[%emt 00:00:34]} Nf6
{[%clk 01:30:10]} {[%emt 00:01:37]} 5. Nf3 {[%clk 01:30:54]} {[%emt 00:00:24]}
Bg4 {[%clk 01:30:06]} {[%emt 00:00:33]} 6. Be2 {[%clk 01:30:16]} {[%emt
00:01:09]} e6 {[%clk 01:29:17]} {[%emt 00:01:19]} 7. O-O {[%clk 01:27:17]}
{[%emt 00:03:29]} cxd4 {[%clk 01:26:54]} {[%emt 00:02:53]} 8. cxd4 {[%clk
01:26:53]} {[%emt 00:00:54]} Nc6 {[%clk 01:26:07]} {[%emt 00:01:17]} 9. Bf4
{[%clk 01:20:26]} {[%emt 00:06:56]} Bxf3 {[%clk 01:19:09]} {[%emt 00:07:28]}
10. Bxf3 {[%clk 01:20:27]} {[%emt 00:00:29]} Qd7 {[%clk 01:16:44]} {[%emt
00:02:55]} 11. Re1 {[%clk 01:10:42]} {[%emt 00:10:15]} Nxd4 {[%clk 01:11:19]}
{[%emt 00:05:55]} 12. Bxb7 {[%clk 01:07:49]} {[%emt 00:03:23]} Qxb7 {[%clk
01:09:35]} {[%emt 00:02:14]} 13. Qxd4 {[%clk 01:07:48]} {[%emt 00:00:31]} Be7
{[%clk 01:08:39]} {[%emt 00:01:26]} 14. Qa4+ {[%clk 00:45:24]} {[%emt
00:22:55]} Nd7 {[%clk 01:04:42]} {[%emt 00:04:26]} 15. Re2 {[%clk 00:42:42]}
{[%emt 00:03:12]} O-O {[%clk 01:03:12]} {[%emt 00:02:00]} 16. Nc3 {[%clk
00:29:18]} {[%emt 00:13:56]} Nc5 {[%clk 00:58:04]} {[%emt 00:05:36]} 17. Qb5
{[%clk 00:24:42]} {[%emt 00:05:06]} Qxb5 {[%clk 00:52:55]} {[%emt 00:05:39]}
18. Nxb5 {[%clk 00:25:09]} {[%emt 00:00:03]} a6 {[%clk 00:53:05]} {[%emt
00:00:20]} 19. Nd4 {[%clk 00:18:51]} {[%emt 00:06:48]} Bf6 {[%clk 00:51:16]}
{[%emt 00:02:20]} 20. Nf3 {[%clk 00:11:39]} {[%emt 00:07:41]} Nd3 {[%clk
00:50:18]} {[%emt 00:01:25]} 21. Be5 {[%clk 00:09:37]} {[%emt 00:02:35]} Nxe5
{[%clk 00:45:46]} {[%emt 00:05:02]} 22. Nxe5 {[%clk 00:10:02]} {[%emt
00:00:05]} Rfb8 {[%clk 00:45:48]} {[%emt 00:00:26]} 23. b3 {[%clk 00:07:06]}
{[%emt 00:03:28]} Rb5 {[%clk 00:45:20]} {[%emt 00:00:58]} 24. Rae1 {[%clk
00:06:39]} {[%emt 00:00:57]} Rd8 {[%clk 00:43:39]} {[%emt 00:02:06]} 25. f4
{[%clk 00:05:38]} {[%emt 00:01:36]} Rbd5 {[%clk 00:42:13]} {[%emt 00:01:56]}
26. Nc6 {[%clk 00:03:29]} {[%emt 00:02:39]} R8d6 {[%clk 00:40:35]} {[%emt
00:02:07]} 27. Rc1 {[%clk 00:03:18]} {[%emt 00:00:41]} h6 {[%clk 00:39:29]}
{[%emt 00:01:37]} 28. Kf2 {[%clk 00:02:25]} {[%emt 00:01:23]} Rf5 {[%clk
00:38:41]} {[%emt 00:01:13]} 29. Rc4 {[%clk 00:01:15]} {[%emt 00:01:45]} g5
{[%clk 00:38:35]} {[%emt 00:00:36]} 30. g3 {[%clk 00:00:55]} {[%emt 00:00:51]}
gxf4 {[%clk 00:38:41]} {[%emt 00:00:23]} 31. gxf4 {[%clk 00:01:14]} {[%emt
00:00:11]} Bg5 {[%clk 00:38:25]} {[%emt 00:00:40]} 32. Ree4 {[%clk 00:01:11]}
{[%emt 00:00:39]} Kg7 {[%clk 00:37:12]} {[%emt 00:01:39]} 33. Ke3 {[%clk
00:01:08]} {[%emt 00:00:37]} Bh4 {[%clk 00:36:27]} {[%emt 00:01:16]} 34. Nd4
{[%clk 00:01:08]} {[%emt 00:00:29]} Rfd5 {[%clk 00:36:44]} {[%emt 00:00:13]}
35. f5 {[%clk 00:01:11]} {[%emt 00:00:27]} Bg5+ {[%clk 00:36:28]} {[%emt
00:00:46]} 36. Kf3 {[%clk 00:01:07]} {[%emt 00:00:34]} exf5 {[%clk 00:36:22]}
{[%emt 00:00:36]} 37. Re2 {[%clk 00:00:46]} {[%emt 00:00:51]} Rxd4 {[%clk
00:36:41]} {[%emt 00:00:12]} 38. Rg2 {[%clk 00:00:44]} {[%emt 00:00:29]} Rd3+
{[%clk 00:36:23]} {[%emt 00:00:46]} 39. Kf2 {[%clk 00:00:40]} {[%emt 00:00:32]}
Rd2+ {[%clk 00:36:40]} {[%emt 00:00:19]} 40. Kf1 {[%clk 00:00:45]} {[%emt
00:00:22]} Rxg2 {[%clk 00:36:14]} {[%emt 00:00:59]} 41. Kxg2 {[%clk 00:01:14]}
{[%emt 00:00:01]} Rd2+ {[%clk 00:36:29]} {[%emt 00:00:15]} 42. Kf3 {[%clk
00:01:07]} {[%emt 00:00:38]} Rxa2 {[%clk 00:36:28]} {[%emt 00:00:31]} 43. h4
{[%clk 00:01:02]} {[%emt 00:00:35]} Bf6 {[%clk 00:36:06]} {[%emt 00:00:52]} 44.
h5 {[%clk 00:01:20]} {[%emt 00:00:12]} Ra3 {[%clk 00:36:04]} {[%emt 00:00:32]}
45. Rc6 {[%clk 00:01:11]} {[%emt 00:00:39]} Rxb3+ {[%clk 00:35:50]} {[%emt
00:00:44]} 46. Kf4 {[%clk 00:01:27]} {[%emt 00:00:14]} a5 {[%clk 00:36:02]}
{[%emt 00:00:18]} 47. Rxf6 {[%clk 00:01:13]} {[%emt 00:00:45]} Kxf6 {[%clk
00:35:56]} {[%emt 00:00:36]} 1/2-1/2

[Event "ODJM B 2025"]
[Site "Willingen GER"]
[Date "2025.06.11"]
[Round "5"]
[White "Hendler, Maximilian"]
[Black "Rose, Elias Bernd"]
[Result "0-1"]
[Termination "normal"]
[Board "62"]
[WhiteElo "1555"]
[BlackElo "1609"]
[WhiteClock "00:34:11"]
[BlackClock "00:37:11"]
[PlyCount "32"]
[WhiteFideId "34616500"]
[BlackFideId "34665730"]
[EventCountry "GER"]
[EventRounds "9"]
[EventType "swiss"]
[EventDate "2025.06.07"]

1. e4 {[%clk 01:30:55]} {[%emt 00:00:05]} e6 {[%clk 01:30:59]} {[%emt
00:00:02]} 2. d4 {[%clk 01:31:14]} {[%emt 00:00:10]} d5 {[%clk 01:31:28]}
{[%emt 00:00:02]} 3. Nd2 {[%clk 01:31:31]} {[%emt 00:00:13]} Nf6 {[%clk
01:31:50]} {[%emt 00:00:07]} 4. e5 {[%clk 01:31:51]} {[%emt 00:00:10]} Nfd7
{[%clk 01:32:15]} {[%emt 00:00:06]} 5. f4 {[%clk 01:31:55]} {[%emt 00:00:26]}
c5 {[%clk 01:32:18]} {[%emt 00:00:27]} 6. c3 {[%clk 01:30:37]} {[%emt
00:01:47]} Nc6 {[%clk 01:32:19]} {[%emt 00:00:29]} 7. Ngf3 {[%clk 01:29:28]}
{[%emt 00:01:39]} Qb6 {[%clk 01:30:51]} {[%emt 00:01:59]} 8. Bd3 {[%clk
01:25:16]} {[%emt 00:04:42]} cxd4 {[%clk 01:28:59]} {[%emt 00:02:22]} 9. cxd4
{[%clk 01:23:07]} {[%emt 00:02:39]} Nxd4 {[%clk 01:28:44]} {[%emt 00:00:44]}
10. Nxd4 {[%clk 01:23:09]} {[%emt 00:00:27]} Qxd4 {[%clk 01:29:04]} {[%emt
00:00:11]} 11. Nf3 {[%clk 01:19:03]} {[%emt 00:04:35]} Qb6 {[%clk 01:28:19]}
{[%emt 00:01:15]} 12. Ng5 {[%clk 01:16:13]} {[%emt 00:03:21]} g6 {[%clk
01:12:37]} {[%emt 00:16:12]} 13. f5 {[%clk 00:42:18]} {[%emt 00:34:24]} Nxe5
{[%clk 00:41:12]} {[%emt 00:31:56]} 14. fxe6 {[%clk 00:35:58]} {[%emt
00:06:49]} Bxe6 {[%clk 00:39:54]} {[%emt 00:01:48]} 15. Bc2 {[%clk 00:34:14]}
{[%emt 00:02:14]} Bb4+ {[%clk 00:36:51]} {[%emt 00:03:34]} 16. Bd2 {[%clk
00:34:11]} {[%emt 00:00:32]} Qe3+ {[%clk 00:37:11]} {[%emt 00:00:10]} 0-1

[Event "ODJM B 2025"]
[Site "Willingen GER"]
[Date "2025.06.11"]
[Round "5"]
[White "Kulgemeyer, Justus"]
[Black "Kandora, William"]
[Result "0-1"]
[Termination "normal"]
[Board "63"]
[WhiteElo "1557"]
[BlackElo "1570"]
[WhiteClock "00:54:03"]
[BlackClock "00:51:24"]
[PlyCount "94"]
[WhiteFideId "34623671"]
[BlackFideId "34684247"]
[EventCountry "GER"]
[EventRounds "9"]
[EventType "swiss"]
[EventDate "2025.06.07"]

1. d4 {[%clk 01:30:58]} {[%emt 00:00:02]} Nf6 {[%clk 01:30:51]} {[%emt
00:00:08]} 2. Nc3 {[%clk 01:31:22]} {[%emt 00:00:06]} e6 {[%clk 01:30:55]}
{[%emt 00:00:26]} 3. e4 {[%clk 01:31:45]} {[%emt 00:00:08]} Bb4 {[%clk
01:30:50]} {[%emt 00:00:34]} 4. e5 {[%clk 01:31:55]} {[%emt 00:00:19]} Nd5
{[%clk 01:31:03]} {[%emt 00:00:17]} 5. Bd2 {[%clk 01:32:18]} {[%emt 00:00:07]}
Nxc3 {[%clk 01:31:21]} {[%emt 00:00:12]} 6. Bxc3 {[%clk 01:32:32]} {[%emt
00:00:17]} Bxc3+ {[%clk 01:31:44]} {[%emt 00:00:07]} 7. bxc3 {[%clk 01:32:56]}
{[%emt 00:00:06]} O-O {[%clk 01:32:02]} {[%emt 00:00:12]} 8. Bd3 {[%clk
01:33:19]} {[%emt 00:00:07]} Qg5 {[%clk 01:28:44]} {[%emt 00:03:47]} 9. Qf3
{[%clk 01:32:46]} {[%emt 00:01:03]} d6 {[%clk 01:26:58]} {[%emt 00:02:16]} 10.
Qh3 {[%clk 01:31:35]} {[%emt 00:01:41]} h6 {[%clk 01:26:59]} {[%emt 00:00:30]}
11. Nf3 {[%clk 01:31:51]} {[%emt 00:00:14]} Qe7 {[%clk 01:27:16]} {[%emt
00:00:12]} 12. O-O {[%clk 01:31:33]} {[%emt 00:00:49]} f5 {[%clk 01:25:19]}
{[%emt 00:02:27]} 13. Nh4 {[%clk 01:30:37]} {[%emt 00:01:25]} Qf7 {[%clk
01:23:06]} {[%emt 00:02:43]} 14. f4 {[%clk 01:25:28]} {[%emt 00:05:40]} g5
{[%clk 01:16:20]} {[%emt 00:07:16]} 15. Qg3 {[%clk 01:20:17]} {[%emt 00:05:40]}
Qg7 {[%clk 01:14:56]} {[%emt 00:01:54]} 16. fxg5 {[%clk 01:19:50]} {[%emt
00:00:57]} hxg5 {[%clk 01:15:18]} {[%emt 00:00:07]} 17. Nf3 {[%clk 01:19:56]}
{[%emt 00:00:25]} g4 {[%clk 01:15:32]} {[%emt 00:00:16]} 18. Nh4 {[%clk
01:19:46]} {[%emt 00:00:40]} dxe5 {[%clk 01:14:20]} {[%emt 00:01:43]} 19. dxe5
{[%clk 01:19:19]} {[%emt 00:00:57]} Nc6 {[%clk 01:07:20]} {[%emt 00:07:30]} 20.
Rae1 {[%clk 01:19:17]} {[%emt 00:00:32]} Bd7 {[%clk 01:03:50]} {[%emt
00:04:00]} 21. h3 {[%clk 01:14:15]} {[%emt 00:05:32]} gxh3 {[%clk 01:04:02]}
{[%emt 00:00:18]} 22. Qxh3 {[%clk 01:14:05]} {[%emt 00:00:40]} Nxe5 {[%clk
01:01:19]} {[%emt 00:03:13]} 23. Rxe5 {[%clk 01:09:12]} {[%emt 00:05:24]} Qxe5
{[%clk 01:01:37]} {[%emt 00:00:11]} 24. Ng6 {[%clk 01:09:32]} {[%emt 00:00:10]}
Qg7 {[%clk 01:01:06]} {[%emt 00:01:01]} 25. Nxf8 {[%clk 01:09:15]} {[%emt
00:00:47]} Rxf8 {[%clk 01:01:25]} {[%emt 00:00:10]} 26. Rf3 {[%clk 01:07:33]}
{[%emt 00:02:12]} Kf7 {[%clk 00:59:48]} {[%emt 00:02:07]} 27. Rg3 {[%clk
01:05:02]} {[%emt 00:03:01]} Qf6 {[%clk 00:58:39]} {[%emt 00:01:39]} 28. Qh7+
{[%clk 01:03:15]} {[%emt 00:02:16]} Ke8 {[%clk 00:59:00]} {[%emt 00:00:10]} 29.
Rg7 {[%clk 01:02:18]} {[%emt 00:01:28]} Rf7 {[%clk 00:59:14]} {[%emt 00:00:15]}
30. Qh8+ {[%clk 00:57:52]} {[%emt 00:04:53]} Ke7 {[%clk 00:57:52]} {[%emt
00:01:55]} 31. Rxf7+ {[%clk 00:57:26]} {[%emt 00:00:56]} Kxf7 {[%clk 00:58:06]}
{[%emt 00:00:16]} 32. Qb8 {[%clk 00:57:27]} {[%emt 00:00:28]} Qxc3 {[%clk
00:58:04]} {[%emt 00:00:32]} 33. Qxb7 {[%clk 00:57:47]} {[%emt 00:00:10]} Qa5
{[%clk 00:55:24]} {[%emt 00:03:10]} 34. Qb3 {[%clk 00:57:24]} {[%emt 00:00:53]}
Qb6+ {[%clk 00:54:46]} {[%emt 00:01:08]} 35. Kf1 {[%clk 00:56:55]} {[%emt
00:00:59]} a6 {[%clk 00:54:21]} {[%emt 00:00:56]} 36. Qc4 {[%clk 00:56:58]}
{[%emt 00:00:26]} Bb5 {[%clk 00:54:19]} {[%emt 00:00:31]} 37. Qb3 {[%clk
00:56:17]} {[%emt 00:01:11]} Bxd3+ {[%clk 00:54:33]} {[%emt 00:00:16]} 38. cxd3
{[%clk 00:55:54]} {[%emt 00:00:53]} Qxb3 {[%clk 00:54:50]} {[%emt 00:00:13]}
39. axb3 {[%clk 00:56:20]} {[%emt 00:00:04]} e5 {[%clk 00:53:19]} {[%emt
00:02:00]} 40. Kf2 {[%clk 00:55:18]} {[%emt 00:01:32]} Ke6 {[%clk 00:53:19]}
{[%emt 00:00:30]} 41. Ke3 {[%clk 00:54:00]} {[%emt 00:01:48]} c5 {[%clk
00:52:28]} {[%emt 00:01:23]} 42. Kd2 {[%clk 00:53:45]} {[%emt 00:00:45]} f4
{[%clk 00:52:39]} {[%emt 00:00:18]} 43. Kc2 {[%clk 00:53:50]} {[%emt 00:00:26]}
Kf5 {[%clk 00:50:09]} {[%emt 00:02:59]} 44. Kd2 {[%clk 00:53:12]} {[%emt
00:01:08]} Kg4 {[%clk 00:50:31]} {[%emt 00:00:07]} 45. Ke2 {[%clk 00:53:31]}
{[%emt 00:00:12]} Kg3 {[%clk 00:50:54]} {[%emt 00:00:07]} 46. Kf1 {[%clk
00:53:42]} {[%emt 00:00:19]} f3 {[%clk 00:51:02]} {[%emt 00:00:22]} 47. gxf3
{[%clk 00:54:03]} {[%emt 00:00:09]} Kxf3 {[%clk 00:51:24]} {[%emt 00:00:09]}
0-1

[Event "ODJM B 2025"]
[Site "Willingen GER"]
[Date "2025.06.11"]
[Round "5"]
[White "Dintinger, Ata Lucien"]
[Black "Meller, Nils"]
[Result "1-0"]
[Termination "normal"]
[Board "64"]
[WhiteElo "1557"]
[BlackElo "1433"]
[WhiteClock "00:49:57"]
[BlackClock "00:51:57"]
[PlyCount "38"]
[WhiteFideId "34654550"]
[BlackFideId "34644962"]
[EventCountry "GER"]
[EventRounds "9"]
[EventType "swiss"]
[EventDate "2025.06.07"]

1. e4 {[%clk 01:30:51]} {[%emt 00:00:08]} e5 {[%clk 01:30:42]} {[%emt
00:00:17]} 2. Nc3 {[%clk 01:30:42]} {[%emt 00:00:40]} Nf6 {[%clk 01:29:59]}
{[%emt 00:01:12]} 3. f4 {[%clk 01:30:56]} {[%emt 00:00:17]} d5 {[%clk
01:29:52]} {[%emt 00:00:37]} 4. fxe5 {[%clk 01:30:43]} {[%emt 00:00:41]} Nxe4
{[%clk 01:29:36]} {[%emt 00:00:48]} 5. Qf3 {[%clk 01:30:50]} {[%emt 00:00:23]}
Nxc3 {[%clk 01:26:33]} {[%emt 00:03:32]} 6. bxc3 {[%clk 01:30:49]} {[%emt
00:00:32]} Be7 {[%clk 01:23:15]} {[%emt 00:03:48]} 7. d4 {[%clk 01:30:41]}
{[%emt 00:00:37]} Be6 {[%clk 01:22:26]} {[%emt 00:01:19]} 8. Bd3 {[%clk
01:30:16]} {[%emt 00:00:56]} c5 {[%clk 01:20:31]} {[%emt 00:02:23]} 9. Ne2
{[%emt 00:08:38]} Qd7 {[%clk 01:17:26]} {[%emt 00:00:37]} 10. Nf4 {[%clk
01:22:34]} {[%emt 00:03:04]} O-O {[%clk 01:14:15]} {[%emt 00:03:40]} 11. Qh5
{[%clk 01:16:30]} {[%emt 00:06:35]} h6 {[%clk 01:12:46]} {[%emt 00:01:58]} 12.
Nxe6 {[%clk 01:09:49]} {[%emt 00:07:12]} Qxe6 {[%clk 01:11:40]} {[%emt
00:01:32]} 13. Bf5 {[%clk 01:09:48]} {[%emt 00:00:36]} Qc6 {[%clk 01:11:08]}
{[%emt 00:00:56]} 14. Qh3 {[%clk 01:00:56]} {[%emt 00:09:25]} Rd8 {[%clk
01:09:16]} {[%emt 00:02:22]} 15. g4 {[%clk 01:00:30]} {[%emt 00:00:58]} g5
{[%clk 01:01:18]} {[%emt 00:08:25]} 16. O-O {[%clk 00:59:40]} {[%emt 00:01:23]}
Kg7 {[%clk 00:59:03]} {[%emt 00:02:40]} 17. Qh5 {[%clk 00:57:36]} {[%emt
00:02:39]} Rf8 {[%clk 00:57:17]} {[%emt 00:02:08]} 18. h4 {[%clk 00:56:13]}
{[%emt 00:02:00]} Rh8 {[%clk 00:55:31]} {[%emt 00:02:14]} 19. e6 {[%clk
00:49:57]} {[%emt 00:06:50]} cxd4 {[%clk 00:51:57]} {[%emt 00:04:02]} 1-0

[Event "ODJM B 2025"]
[Site "Willingen GER"]
[Date "2025.06.11"]
[Round "5"]
[White "Huth, Fabienne"]
[Black "Schmitt, Bastian"]
[Result "0-1"]
[Termination "normal"]
[Board "65"]
[WhiteElo "1402"]
[BlackElo "1729"]
[WhiteClock "00:27:27"]
[BlackClock "00:55:06"]
[PlyCount "78"]
[WhiteFideId "34660739"]
[BlackFideId "34615768"]
[EventCountry "GER"]
[EventRounds "9"]
[EventType "swiss"]
[EventDate "2025.06.07"]

1. e4 {[%clk 01:30:58]} {[%emt 00:00:01]} e5 {[%clk 01:30:49]} {[%emt
00:00:11]} 2. Nf3 {[%clk 01:31:24]} {[%emt 00:00:04]} Nc6 {[%clk 01:31:07]}
{[%emt 00:00:11]} 3. Bc4 {[%clk 01:31:50]} {[%emt 00:00:05]} Nf6 {[%clk
01:31:22]} {[%emt 00:00:15]} 4. Ng5 {[%clk 01:32:12]} {[%emt 00:00:09]} d5
{[%clk 01:31:39]} {[%emt 00:00:12]} 5. exd5 {[%clk 01:32:35]} {[%emt 00:00:07]}
b5 {[%clk 01:31:57]} {[%emt 00:00:12]} 6. Bxb5 {[%clk 01:18:21]} {[%emt
00:14:44]} Qxd5 {[%clk 01:31:36]} {[%emt 00:00:51]} 7. Bxc6+ {[%clk 01:15:47]}
{[%emt 00:03:04]} Qxc6 {[%clk 01:31:52]} {[%emt 00:00:13]} 8. f3 {[%clk
01:07:52]} {[%emt 00:08:26]} h6 {[%clk 01:29:19]} {[%emt 00:03:02]} 9. Ne4
{[%clk 01:01:50]} {[%emt 00:06:33]} Nxe4 {[%clk 01:28:48]} {[%emt 00:01:01]}
10. fxe4 {[%clk 01:01:46]} {[%emt 00:00:33]} Qxe4+ {[%clk 01:29:02]} {[%emt
00:00:16]} 11. Qe2 {[%clk 01:01:17]} {[%emt 00:00:59]} Qxe2+ {[%clk 01:28:30]}
{[%emt 00:01:02]} 12. Kxe2 {[%clk 01:01:28]} {[%emt 00:00:19]} Bb7 {[%clk
01:27:04]} {[%emt 00:01:56]} 13. Kf2 {[%clk 00:57:33]} {[%emt 00:04:24]} Bc5+
{[%clk 01:24:11]} {[%emt 00:03:23]} 14. Kg3 {[%clk 00:54:58]} {[%emt 00:03:06]}
f5 {[%clk 01:17:06]} {[%emt 00:07:33]} 15. h3 {[%clk 00:52:18]} {[%emt
00:03:12]} O-O-O {[%clk 01:12:43]} {[%emt 00:04:53]} 16. d3 {[%clk 00:48:20]}
{[%emt 00:04:28]} Rd6 {[%clk 01:07:56]} {[%emt 00:05:16]} 17. Kh2 {[%clk
00:41:15]} {[%emt 00:07:35]} Rg6 {[%clk 01:05:49]} {[%emt 00:02:35]} 18. Rg1
{[%clk 00:40:51]} {[%emt 00:00:56]} Bxg1+ {[%clk 01:05:59]} {[%emt 00:00:19]}
19. Kxg1 {[%clk 00:41:17]} {[%emt 00:00:05]} Rxg2+ {[%clk 01:05:42]} {[%emt
00:00:47]} 20. Kf1 {[%clk 00:41:21]} {[%emt 00:00:26]} Rxc2 {[%clk 01:03:45]}
{[%emt 00:02:27]} 21. Na3 {[%clk 00:41:00]} {[%emt 00:00:52]} Rh2 {[%clk
01:03:07]} {[%emt 00:01:06]} 22. Nc4 {[%clk 00:39:03]} {[%emt 00:02:29]} e4
{[%clk 00:58:17]} {[%emt 00:05:19]} 23. dxe4 {[%clk 00:38:54]} {[%emt
00:00:39]} Bxe4 {[%clk 00:58:15]} {[%emt 00:00:32]} 24. Bf4 {[%clk 00:38:05]}
{[%emt 00:01:20]} Rh1+ {[%clk 00:58:06]} {[%emt 00:00:37]} 25. Kf2 {[%clk
00:36:51]} {[%emt 00:01:45]} Rxa1 {[%clk 00:58:19]} {[%emt 00:00:18]} 26. a3
{[%clk 00:36:19]} {[%emt 00:01:03]} g5 {[%clk 00:57:15]} {[%emt 00:01:34]} 27.
Be3 {[%clk 00:35:15]} {[%emt 00:01:33]} Bd5 {[%clk 00:55:36]} {[%emt 00:02:09]}
28. Ne5 {[%clk 00:33:48]} {[%emt 00:01:56]} Re8 {[%clk 00:54:57]} {[%emt
00:01:11]} 29. Bd4 {[%clk 00:32:16]} {[%emt 00:02:02]} Rd1 {[%clk 00:54:24]}
{[%emt 00:01:03]} 30. Bc3 {[%clk 00:31:45]} {[%emt 00:01:01]} Rh1 {[%clk
00:53:47]} {[%emt 00:01:04]} 31. Kg3 {[%clk 00:29:02]} {[%emt 00:03:15]} h5
{[%clk 00:53:23]} {[%emt 00:00:54]} 32. a4 {[%clk 00:27:33]} {[%emt 00:02:00]}
f4+ {[%clk 00:53:30]} {[%emt 00:00:22]} 33. Kf2 {[%clk 00:27:38]} {[%emt
00:00:25]} Rxh3 {[%clk 00:53:42]} {[%emt 00:00:18]} 34. a5 {[%clk 00:27:35]}
{[%emt 00:00:34]} Rxc3 {[%clk 00:53:51]} {[%emt 00:00:20]} 35. bxc3 {[%clk
00:27:52]} {[%emt 00:00:14]} Rxe5 {[%clk 00:54:05]} {[%emt 00:00:15]} 36. a6
{[%clk 00:27:37]} {[%emt 00:00:46]} g4 {[%clk 00:54:21]} {[%emt 00:00:14]} 37.
c4 {[%clk 00:27:10]} {[%emt 00:00:57]} g3+ {[%clk 00:54:30]} {[%emt 00:00:20]}
38. Kg1 {[%clk 00:27:24]} {[%emt 00:00:17]} f3 {[%clk 00:54:48]} {[%emt
00:00:12]} 39. cxd5 {[%clk 00:27:27]} {[%emt 00:00:27]} Re1# {[%clk 00:55:06]}
{[%emt 00:00:11]} 0-1